| 000 | 00636nam a2200229Ia 4500 | ||
|---|---|---|---|
| 003 | OSt | ||
| 005 | 20221006152000.0 | ||
| 006 | a|||||r|||| 00| 0 | ||
| 007 | ta | ||
| 008 | 221006b |||||||| |||| 00| 0 eng d | ||
| 024 | _a24,125 | ||
| 037 |
_bGift, _cTextual |
||
| 040 |
_aEASL _cEASL _beng |
||
| 041 |
_2eng _aeng |
||
| 100 |
_aVAJAHAT A Ed. _9660467 |
||
| 245 | 0 | _aUnion list of current social science humanities periodicals | |
| 260 |
_aNew Delhi _bNASSDOC _c1989 |
||
| 300 |
_ap. _ccm. |
||
| 700 |
_a RAO N N Ed. _9660468 |
||
| 942 |
_cTEXL _2CC |
||
| 999 |
_c1092211 _d1092211 |
||